Central Library, Doon University
WEBOPAC (ONLINE PUBLIC ACCESS CATALOGUE)

Agricultural Development And Economic Transformation (Record no. 60267)

MARC details
000 -LEADER
fixed length control field 00482nam a22001817a 4500
005 - DATE & TIME
control field 20260206131335.0
008 - FIXED-LENGTH DATA ELEMENTS--GENERAL INFORMATION
fixed length control field 260206b |||||||| |||| 00| 0 eng d
020 ## - ISBN
International Standard Book Number 9781915508225
Price 4995.00
040 ## - CATALOGING SOURCE
Original cataloging agency Doon University
041 ## - Language
Language English
082 ## - DDC NUMBER
Classification number 338.1
Book Number MON
100 ## - MAIN ENTRY--PERSONAL NAME
Personal name Montgomery, Leonard
245 ## - TITLE STATEMENT
Title Agricultural Development And Economic Transformation
260 ## - PUBLICATION, DISTRIBUTION, ETC. (IMPRINT)
Place of publication, distribution, etc United Kingdom
Name of publisher, distributor, etc Brilliance
Date of publication, distribution, etc 2023
300 ## - PHYSICAL DESCRIPTION
Pages 258
650 ## - Subject
Subject Economics
942 ## - ADDED ENTRY ELEMENTS (KOHA)
Koha item type Books
100 ## - MAIN ENTRY--PERSONAL NAME
-- 26220
650 ## - Subject
-- 79
952 ## - LOCATION AND ITEM INFORMATION (KOHA)
-- 2026-02-06
952 ## - LOCATION AND ITEM INFORMATION (KOHA)
-- 2026-02-06
952 ## - LOCATION AND ITEM INFORMATION (KOHA)
-- 2026-02-06
952 ## - LOCATION AND ITEM INFORMATION (KOHA)
-- 2026-02-06
952 ## - LOCATION AND ITEM INFORMATION (KOHA)
-- 2026-02-06
Holdings
Withdrawn status Lost status Source of classification or shelving scheme Damaged status Not for loan Location (home branch) Sublocation or collection (holding branch) Date acquired Koha full call number Accession No. Koha date last seen Koha item type Koha issues (times borrowed)
        Not For Loan Doon University Doon University 06.02.2026 338.1 MON 52364 06.02.2026 Reference  
          Doon University Doon University 06.02.2026 338.1 MON 52365 06.02.2026 Books  
          Doon University Doon University 06.02.2026 338.1 MON 52366 06.02.2026 Books  
          Doon University Doon University 06.02.2026 338.1 MON 52367 06.02.2026 Books  
          Doon University Doon University 06.02.2026 338.1 MON 52368 06.02.2026 Books  
Contact : +91-135-2533126 (Library),+91-135-2533105 (Admin Office) , Email : doonlibrary@gmail.com

Powered by Koha